[Event "RUS-ch U20 Girls"]
[Site "Vladimir"]
[Date "2002.03.01"]
[EventDate "?"]
[Round "1"]
[Result "1/2-1/2"]
[White "Maria Fominykh"]
[Black "Natalia Pogonina"]
[WhiteElo "2267"]
[BlackElo "2501"]
[PlyCount "81"]

1.e4 c5 2.Nf3 d6 3.d3 Nc6 4.c3 Nf6 5.Nbd2 g6 6.Be2 Bg7 7.O-O
O-O 8.a3 e5 9.b4 a6 10.Rb1 cxb4 11.axb4 Nh5 12.g3 Be6 13.Nc4
Nf6 14.Qc2 b5 15.Ncd2 Rc8 16.Qb2 h6 17.Qa3 Qb6 18.Ra1 Bh3
19.Re1 Ng4 20.d4 exd4 21.Qxa6 Qxa6 22.Rxa6 dxc3 23.Nb3 Nxb4
24.Rxd6 Ne5 25.Nxe5 Bxe5 26.Rb6 c2 27.Bxh6 Rfd8 28.Rxb5 Nd3
29.Bxd3 Rxd3 30.Rd5 Rd8 31.Rxd8+ Rxd8 32.f4 Bc3 33.Rc1 Rd1+
34.Kf2 Rxc1 35.Nxc1 Bb2 36.Nb3 c1=Q 37.Nxc1 Bxc1 38.e5 Ba3
39.Ke3 Be6 40.g4 Bd5 41.Kd3 1/2-1/2

[Event "RUS-ch (Women) 1st League"]
[Site "Samara"]
[Date "2005.03.23"]
[EventDate "?"]
[Round "8"]
[Result "1/2-1/2"]
[White "Natalia Pogonina"]
[Black "Maria Fominykh"]
[WhiteElo "2501"]
[BlackElo "2267"]
[PlyCount "101"]

1.e4 c5 2.Nf3 d6 3.d4 cxd4 4.Nxd4 Nf6 5.Nc3 a6 6.Be2 e5 7.Nb3
Be7 8.Be3 Be6 9.O-O O-O 10.Qd2 Nbd7 11.a4 b6 12.f3 Qc7 13.Nd5
Bxd5 14.exd5 Nc5 15.Nc1 Qd7 16.a5 bxa5 17.Rxa5 Qb7 18.b4 Ncd7
19.c4 Bd8 20.Ra2 Bb6 21.Bxb6 Qxb6+ 22.Kh1 Rfb8 23.Ra4 Qc7
24.Nb3 Nc5 25.Nxc5 dxc5 26.bxc5 Qxc5 27.Ra5 Qd6 28.Bd3 Rc8
29.Rc1 Rc5 30.Rb1 Nd7 31.g3 g6 32.Be2 Kg7 33.Kg2 Rac8 34.Qa2
Rxa5 35.Qxa5 Rb8 36.Rxb8 Nxb8 37.Qa4 Kf8 38.Qa5 Ke8 39.Bd1 Nd7
40.Ba4 Ke7 41.Bxd7 Kxd7 42.Kf2 f5 43.Ke2 g5 44.Kd3 h5 45.Qa4+
Kc7 46.Qe8 Qa3+ 47.Kc2 Qa2+ 48.Kc3 Qa3+ 49.Kc2 Qa2+ 50.Kc3
Qa3+ 51.Kc2 1/2-1/2

[Event "Russian Club Championship: Women"]
[Site "Sochi RUS"]
[Date "2006.04.20"]
[EventDate "2006.04.20"]
[Round "1"]
[Result "1/2-1/2"]
[White "Maria Fominykh"]
[Black "Nina Sirotkina"]
[WhiteElo "2332"]
[BlackElo "2277"]
[PlyCount "55"]

1. Nf3 Nf6 2. g3 d5 3. Bg2 c6 4. O-O Bf5 5. d3 e6 6. Nbd2 h6
7. b3 Be7 8. Bb2 O-O 9. Qe1 Bh7 10. e4 a5 11. a3 Na6 12. e5
Nd7 13. Qe2 b5 14. h4 Qb6 15. Nh2 c5 16. c4 bxc4 17. dxc4 Nc7
18. Ng4 Rad8 19. cxd5 exd5 20. Ne3 Qe6 21. f4 f5 22. Rac1 Nb6
23. Rfd1 Kh8 24. Ndf1 Bg8 25. g4 g6 26. gxf5 gxf5 27. Ng3 d4
28. Nc4 1/2-1/2

[Event "Russian Club Championship: Women"]
[Site "Sochi RUS"]
[Date "2006.04.21"]
[EventDate "2006.04.20"]
[Round "2"]
[Result "1/2-1/2"]
[White "Tamara Chistiakova"]
[Black "Maria Fominykh"]
[WhiteElo "2351"]
[BlackElo "2332"]
[PlyCount "74"]

1. d4 Nf6 2. Nf3 g6 3. c4 Bg7 4. g3 O-O 5. Bg2 d6 6. O-O Nbd7
7. Nc3 e5 8. e4 c6 9. h3 a5 10. Be3 a4 11. Nxa4 Nxe4 12. dxe5
Qa5 13. e6 fxe6 14. Nd4 Ndf6 15. b3 Nc3 16. Nxc3 Qxc3 17. Rc1
Qa5 18. Rc2 e5 19. Ne2 Bf5 20. Rd2 h5 21. Rxd6 Qxa2 22. Nc3
Qc2 23. Qxc2 Bxc2 24. Rc1 Bxb3 25. Rb1 Bxc4 26. Rxb7 Bf7
27. Rxc6 Rac8 28. Rxc8 Rxc8 29. Ne4 Nxe4 30. Bxe4 Bf6 31. h4
Re8 32. Bc5 g5 33. hxg5 Bxg5 34. Ba3 h4 35. gxh4 Bxh4 36. Bb2
Bg5 37. Bc6 Rc8 1/2-1/2

[Event "Russian Club Championship: Women"]
[Site "Sochi RUS"]
[Date "2006.04.22"]
[EventDate "2006.04.20"]
[Round "3"]
[Result "1/2-1/2"]
[White "Maria Fominykh"]
[Black "Anastasia Bannikova"]
[WhiteElo "2332"]
[BlackElo "2157"]
[PlyCount "77"]

1. e4 c5 2. Nf3 Nc6 3. Bb5 e6 4. Bxc6 bxc6 5. d3 Qc7 6. Qe2 e5
7. Na3 d6 8. Nc4 Nf6 9. Nh4 Bg4 10. f3 Be6 11. Nf5 g6 12. Bg5
Nh5 13. Ng3 Nf4 14. Qd2 Bg7 15. c3 d5 16. Na3 h6 17. Bxf4 exf4
18. Ne2 g5 19. exd5 cxd5 20. d4 c4 21. g3 fxg3 22. Nxg3 Bf8
23. Nc2 f5 24. Qe2 Kf7 25. f4 Bd6 26. Qh5+ Kg7 27. Ne3 Bxf4
28. Ngxf5+ Bxf5 29. Nxf5+ Kf6 30. O-O Kxf5 31. Rxf4+ Qxf4
32. Rf1 Qxf1+ 33. Kxf1 Rhf8 34. Kg2 Rae8 35. Qf3+ Kg6 36. Qxd5
Re2+ 37. Kg1 Re1+ 38. Kg2 Re2+ 39. Kg1 1/2-1/2

[Event "Russian Club Championship: Women"]
[Site "Sochi RUS"]
[Date "2006.04.23"]
[EventDate "2006.04.20"]
[Round "4"]
[Result "1/2-1/2"]
[White "Baira Kovanova"]
[Black "Maria Fominykh"]
[WhiteElo "2307"]
[BlackElo "2332"]
[PlyCount "33"]

1. e4 e6 2. d4 d5 3. exd5 exd5 4. Bd3 Bd6 5. h3 c6 6. Qf3 Qf6
7. c3 Qxf3 8. Nxf3 Ne7 9. O-O Bf5 10. Bxf5 Nxf5 11. Re1+ Ne7
12. Ne5 f6 13. Nd3 Kf7 14. Bf4 Bxf4 15. Nxf4 Nf5 16. Nd2 Nd7
17. Kf1 1/2-1/2

[Event "Russian Club Championship: Women"]
[Site "Sochi RUS"]
[Date "2006.04.25"]
[EventDate "2006.04.20"]
[Round "6"]
[Result "1/2-1/2"]
[White "Maria Fominykh"]
[Black "Tatiana Kosintseva"]
[WhiteElo "2332"]
[BlackElo "2489"]
[PlyCount "78"]

1. e4 c5 2. Nf3 Nc6 3. Bb5 g6 4. Bxc6 dxc6 5. d3 Bg7 6. h3 Nf6
7. Nc3 O-O 8. Be3 b6 9. Qd2 e5 10. Bh6 Qd6 11. g4 Be6 12. Bxg7
Kxg7 13. Nh4 Rad8 14. O-O-O c4 15. f4 exf4 16. d4 Qc7 17. g5
Nh5 18. d5 Qe7 19. Qd4+ Kg8 20. Nf3 cxd5 21. exd5 Bf5 22. Rhe1
Qc5 23. Qe5 Qd6 24. Qd4 b5 25. Ne5 b4 26. Nb5 Qb6 27. Nc6 Qxd4
28. Nbxd4 Rd7 29. Nxf5 gxf5 30. d6 f6 31. gxf6 Rxf6 32. Re8+
Kf7 33. Rd8 Rxd8 34. Nxd8+ Ke8 35. Nc6 Kd7 36. Ne5+ Kd8
37. Nc6+ Kd7 38. Ne5+ Kd8 39. Nc6+ Kd7 1/2-1/2

[Event "Russian Club Championship: Women"]
[Site "Sochi RUS"]
[Date "2006.04.26"]
[EventDate "2006.04.20"]
[Round "7"]
[Result "1/2-1/2"]
[White "Evgenia Meshcheriakova"]
[Black "Maria Fominykh"]
[WhiteElo "2203"]
[BlackElo "2332"]
[PlyCount "50"]

1. e4 d6 2. d4 Nf6 3. Nc3 e5 4. dxe5 dxe5 5. Qxd8+ Kxd8 6. Bg5
c6 7. Nf3 Nbd7 8. Bc4 Ke8 9. a4 Bb4 10. Bd2 a5 11. O-O Ke7
12. Rfe1 Ne8 13. Ne2 Nd6 14. Bd3 Bxd2 15. Nxd2 g5 16. c3 Nc5
17. Bc2 Bd7 18. b4 Ne6 19. Nb3 Nc4 20. Ng3 Nf4 21. Nc5 Bc8
22. Nf5+ Bxf5 23. exf5 f6 24. bxa5 Nxa5 25. Rab1 b6 1/2-1/2

[Event "Russian Women's Championship"]
[Site "Orel RUS"]
[Date "2006.06.30"]
[EventDate "2006.06.28"]
[Round "2"]
[Result "1-0"]
[White "Varvara Kirillova"]
[Black "Maria Fominykh"]
[WhiteElo "2225"]
[BlackElo "2332"]
[PlyCount "65"]

1. Nf3 Nf6 2. g3 b6 3. Bg2 Bb7 4. O-O e6 5. d3 d5 6. c4 Be7
7. cxd5 exd5 8. b4 O-O 9. a3 a5 10. b5 Nbd7 11. Bb2 Ne8
12. Nd4 Bf6 13. a4 Nc5 14. Nd2 Nd6 15. Qc2 Re8 16. Rfe1 Qd7
17. N2b3 Nxb3 18. Qxb3 Rad8 19. Rac1 Bxd4 20. Bxd4 Qg4 21. e3
Nf5 22. Bb2 Rd7 23. Rc2 h5 24. Rec1 h4 25. h3 Qg5 26. g4 Nxe3
27. fxe3 Qxe3+ 28. Rf2 Re4 29. Qc3 d4 30. Qd2 Re5 31. Qxe3
Rxe3 32. Bxb7 Rxh3 33. Rf3 1-0

[Event "Russian Women's Championship"]
[Site "Orel RUS"]
[Date "2006.07.01"]
[EventDate "2006.06.28"]
[Round "3"]
[Result "0-1"]
[White "Maria Fominykh"]
[Black "Valentina Solovjova"]
[WhiteElo "2332"]
[BlackElo "2265"]
[PlyCount "120"]

1. d4 d5 2. c4 c6 3. Nf3 Nf6 4. Nc3 e6 5. cxd5 exd5 6. Qc2 Be7
7. Bg5 g6 8. h3 Bf5 9. Qb3 Qb6 10. g4 Be6 11. Bh6 Qxb3
12. axb3 Nbd7 13. Ng5 Bb4 14. Bg2 Ke7 15. e3 Rhe8 16. f4 Ng8
17. Nxe6 Kxe6 18. Bg5 f6 19. Bh4 Kf7 20. Ke2 Ne7 21. Kd3 Bd6
22. Bf3 f5 23. Bxe7 Rxe7 24. gxf5 gxf5 25. Rhg1 Kf6 26. Bxd5
cxd5 27. Nxd5+ Kf7 28. Nxe7 Bxe7 29. Ra5 Ke6 30. Rg7 b6
31. Ra1 Nf6 32. Rc1 Nd5 33. Rc6+ Bd6 34. Ke2 Ne7 35. Rc1 Rg8
36. Rcg1 Rc8 37. Kd2 Kd5 38. Rc1 Bb4+ 39. Rc3 Rg8 40. Rxh7 Ke4
41. Kc2 Nd5 42. Rc6 Rg2+ 43. Kb1 Bd2 44. Rhh6 Re2 45. Rcg6
Bxe3 46. Ka2 Re1 47. b4 Nxf4 48. Rg7 Bxd4 49. Re7+ Be5 50. Kb3
b5 51. Rc6 Re3+ 52. Rc3 Rxc3+ 53. bxc3 Nxh3 54. c4 bxc4+
55. Kxc4 f4 56. Rxa7 f3 57. Rd7 f2 58. Rd1 Ng5 59. b5 Nf3
60. Kc5 Ne1 0-1

[Event "Russian Women's Championship"]
[Site "Orel RUS"]
[Date "2006.07.02"]
[EventDate "2006.06.28"]
[Round "4"]
[Result "1/2-1/2"]
[White "Irina Zakurdjaeva"]
[Black "Maria Fominykh"]
[WhiteElo "2298"]
[BlackElo "2332"]
[PlyCount "52"]

1. e4 c6 2. d4 d5 3. e5 Bf5 4. Be3 e6 5. Nd2 Nd7 6. Nb3 f6
7. Nf3 Bg4 8. exf6 gxf6 9. Be2 Qe7 10. Qd2 O-O-O 11. h3 Bh5
12. g4 Bf7 13. O-O-O Qb4 14. Qxb4 Bxb4 15. Bf4 Nf8 16. Bg3 b6
17. g5 Bh5 18. gxf6 Bxf3 19. Bxf3 Nxf6 20. c3 Bd6 21. Rde1
Bxg3 22. fxg3 Kd7 23. Rhf1 Ng6 24. Nd2 Rhf8 25. Bd1 Kd6 26. h4
c5 1/2-1/2

[Event "Russian Women's Championship"]
[Site "Orel RUS"]
[Date "2006.07.03"]
[EventDate "2006.06.28"]
[Round "5"]
[Result "0-1"]
[White "Nadezhda Uljianova"]
[Black "Maria Fominykh"]
[WhiteElo "1984"]
[BlackElo "2332"]
[PlyCount "80"]

1. d4 d6 2. Nf3 Nf6 3. c4 g6 4. Nc3 Bg7 5. e4 O-O 6. h3 b6
7. Be3 Bb7 8. Bd3 Nc6 9. O-O e5 10. d5 Nb4 11. a3 Nxd3
12. Qxd3 Nh5 13. Ne2 h6 14. g4 Nf4 15. Nxf4 exf4 16. Bd4 f6
17. Qd2 g5 18. Bc3 Qe8 19. Qd3 c5 20. Kg2 Bc8 21. Nd2 Bd7
22. b4 h5 23. f3 Rb8 24. b5 a5 25. a4 Kf7 26. Kf2 Rh8 27. Rh1
Rh6 28. Rae1 Qh8 29. Qf1 Re8 30. Qg2 Qh7 31. Reg1 f5 32. Bxg7
Qxg7 33. gxf5 Qd4+ 34. Ke1 Rhh8 35. Qxg5 Reg8 36. Qxf4 Rxg1+
37. Rxg1 Qxg1+ 38. Ke2 Rg8 39. Qxd6 Rg2+ 40. Kd3 Qd4+ 0-1

[Event "Russian Women's Championship"]
[Site "Orel RUS"]
[Date "2006.07.05"]
[EventDate "2006.06.28"]
[Round "7"]
[Result "0-1"]
[White "Tatiana Avdeenko"]
[Black "Maria Fominykh"]
[WhiteElo "2191"]
[BlackElo "2332"]
[PlyCount "68"]

1. e4 c6 2. d4 d5 3. Nc3 dxe4 4. Nxe4 Nf6 5. Nxf6+ exf6 6. Bc4
Qe7+ 7. Qe2 Be6 8. Bd3 Qc7 9. Nf3 Bd6 10. c4 Bb4+ 11. Bd2
Bxd2+ 12. Nxd2 O-O 13. O-O-O Rd8 14. Qh5 h6 15. Qh4 Na6 16. a3
b5 17. Rhe1 Qd7 18. cxb5 cxb5 19. Kb1 Qd5 20. Rxe6 fxe6
21. Nf3 f5 22. Qg3 Rac8 23. Bc2 Rxc2 24. Kxc2 Qa2 25. Rd3 b4
26. Kd2 Qxb2+ 27. Ke3 Qc1+ 28. Rd2 bxa3 29. Qe5 Nc7 30. Qa5
Nd5+ 31. Kd3 Nf4+ 32. Ke3 Nxg2+ 33. Kd3 Rc8 34. Qe5 Qc4+ 0-1

[Event "Russian Women's Championship"]
[Site "Orel RUS"]
[Date "2006.07.07"]
[EventDate "2006.06.28"]
[Round "9"]
[Result "0-1"]
[White "Ekaterina Ubiennykh"]
[Black "Maria Fominykh"]
[WhiteElo "2282"]
[BlackElo "2332"]
[PlyCount "94"]

1. c4 e5 2. Nc3 c6 3. d4 d6 4. Nf3 Nd7 5. e4 Ngf6 6. Be2 Be7
7. O-O O-O 8. Be3 Ng4 9. Bd2 Re8 10. d5 Nf8 11. Ne1 Nf6 12. b4
Ng6 13. Nd3 cxd5 14. cxd5 Bd7 15. f3 Nh5 16. g3 Qb6+ 17. Kg2
Qd4 18. Ne1 Qxb4 19. Nb5 Qb2 20. Rb1 Qxa2 21. Nc3 Qa5 22. f4
Nhxf4+ 23. gxf4 Nxf4+ 24. Rxf4 exf4 25. Rxb7 Qd8 26. Bg4 Bc8
27. Rb4 Bg5 28. Be2 a5 29. Ra4 Bd7 30. Ra3 Qb6 31. Nf3 Bf6
32. Bxf4 Bxc3 33. Rxc3 Rxe4 34. Kg3 Qb4 35. Rb3 Qa4 36. Rb7
Rxf4 37. Qxa4 Rxf3+ 38. Kxf3 Bxa4 39. Rb6 Kf8 40. Rxd6 Bb3
41. Rd7 a4 42. d6 a3 43. Rc7 a2 44. d7 Rd8 45. Ra7 Ke7 46. Bb5
Bd5+ 47. Ke3 Ra8 0-1

[Event "10th European Individual Women's Championship"]
[Site "St Petersburg RUS"]
[Date "2009.03.08"]
[EventDate "2009.03.08"]
[Round "1"]
[Result "1-0"]
[White "Maria Fominykh"]
[Black "Anastasia Della-Rossa"]
[WhiteElo "2280"]
[BlackElo "1868"]
[PlyCount "65"]

1. d4 Nf6 2. Nf3 g6 3. g3 Bg7 4. Bg2 O-O 5. c4 c5 6. d5 d6
7. Nc3 a6 8. O-O Bd7 9. a4 a5 10. h3 Qc8 11. Kh2 e5 12. dxe6
Bxe6 13. Qb3 Nc6 14. Bf4 Rd8 15. Rfd1 Bf8 16. Bg5 Be7 17. Nb5
Qb8 18. Rac1 Ne4 19. Bxe7 Nxe7 20. Qe3 Nf6 21. Ng5 Nf5 22. Qf3
d5 23. Nxe6 fxe6 24. cxd5 exd5 25. Rxc5 Qe5 26. Qc3 Qxe2
27. Qxf6 Qxd1 28. Rc7 Qh5 29. Qe6+ Kh8 30. Qe5+ Kg8 31. g4 Qh4
32. gxf5 Qh6 33. f6 1-0

[Event "10th European Individual Women's Championship"]
[Site "St Petersburg RUS"]
[Date "2009.03.09"]
[EventDate "2009.03.08"]
[Round "2"]
[Result "1/2-1/2"]
[White "Svetlana Cherednichenko"]
[Black "Maria Fominykh"]
[WhiteElo "2367"]
[BlackElo "2280"]
[PlyCount "82"]

1. d4 d6 2. Nf3 g6 3. Bf4 Bg7 4. e3 Nd7 5. h3 e5 6. Bh2 Qe7
7. Be2 Ngf6 8. c4 O-O 9. Nc3 b6 10. O-O Bb7 11. c5 bxc5
12. dxe5 dxe5 13. Rc1 Rfd8 14. Qb3 Bc6 15. Qa3 Ne4 16. Nxe4
Bxe4 17. Rfd1 a5 18. Nd2 Bc6 19. Bf3 e4 20. Be2 Rdb8 21. Rc2
Rb4 22. b3 a4 23. Qc1 Rb7 24. bxa4 Bxa4 25. Nb3 Raa7 26. Bc4
Ne5 27. Bxe5 Bxe5 28. Bd5 Rb4 29. Qd2 Bd6 30. Qc3 c6 31. Bc4
Rd7 32. Rcd2 Rbb7 33. Kh1 Bb8 34. g3 Rxd2 35. Qxd2 Kg7 36. Qd8
Qxd8 37. Rxd8 Rb4 38. Nd2 f5 39. Rd7+ Kh8 40. Rd8+ Kg7
41. Rd7+ Kh8 1/2-1/2

[Event "10th European Individual Women's Championship"]
[Site "St Petersburg RUS"]
[Date "2009.03.12"]
[EventDate "2009.03.08"]
[Round "5"]
[Result "1/2-1/2"]
[White "Maria Fominykh"]
[Black "Anna Muzychuk"]
[WhiteElo "2280"]
[BlackElo "2540"]
[PlyCount "40"]

1. d4 Nf6 2. Nf3 e6 3. c4 c5 4. Nc3 cxd4 5. Nxd4 Nc6 6. Ndb5
d6 7. Bf4 e5 8. Bg5 a6 9. Na3 Be7 10. g3 Qb6 11. Bc1 h5 12. h3
Be6 13. Bg2 Rc8 14. Nd5 Bxd5 15. cxd5 Nd4 16. O-O O-O 17. b3
Rc7 18. e3 Nf5 19. Nc4 Qa7 20. a4 b6 1/2-1/2

[Event "10th European Individual Women's Championship"]
[Site "St Petersburg RUS"]
[Date "2009.03.13"]
[EventDate "2009.03.08"]
[Round "6"]
[Result "1-0"]
[White "Tatiana Stepovaia-Dianchenko"]
[Black "Maria Fominykh"]
[WhiteElo "2379"]
[BlackElo "2280"]
[PlyCount "99"]

1. e4 d6 2. d4 Nf6 3. f3 e5 4. dxe5 dxe5 5. Qxd8+ Kxd8 6. Bc4
Ke8 7. Be3 Nbd7 8. Nh3 Bc5 9. Bxc5 Nxc5 10. Nf2 Be6 11. Nd2 a5
12. O-O-O Nfd7 13. Bxe6 Nxe6 14. Nc4 f6 15. Ne3 Ndc5 16. Rd5
Kf7 17. Rhd1 Rhd8 18. c3 a4 19. Kc2 c6 20. Rxd8 Rxd8 21. Nd3
Nxd3 22. Rxd3 Rxd3 23. Kxd3 b5 24. c4 Ke7 25. Kc3 Kd7 26. Kb4
Nd4 27. cxb5 cxb5 28. Kc5 Ne2 29. Kxb5 a3 30. bxa3 Nc3+
31. Kb6 Na4+ 32. Kb5 Nc3+ 33. Kc5 Nxa2 34. a4 Kc7 35. Nd5+ Kb7
36. Kd6 Nc1 37. Ke6 f5 38. Kxf5 Nd3 39. Ke6 Nc5+ 40. Kxe5 Kc6
41. a5 Kb5 42. Kd6 Nb7+ 43. Kc7 Nxa5 44. e5 Kc5 45. e6 Nc4
46. e7 Nd6 47. Nf4 g6 48. Kd7 g5 49. Ne6+ Kd5 50. Nxg5 1-0

[Event "10th European Individual Women's Championship"]
[Site "St Petersburg RUS"]
[Date "2009.03.14"]
[EventDate "2009.03.08"]
[Round "7"]
[Result "0-1"]
[White "Maria Fominykh"]
[Black "Mariya Muzychuk"]
[WhiteElo "2280"]
[BlackElo "2427"]
[PlyCount "120"]

1. d4 Nf6 2. Nf3 c5 3. d5 e6 4. c4 b5 5. Bg5 Qa5+ 6. Qd2 Qxd2+
7. Nbxd2 bxc4 8. Bxf6 gxf6 9. e4 f5 10. Bxc4 fxe4 11. Nxe4 Ba6
12. b3 f5 13. Ng3 Bxc4 14. bxc4 Bd6 15. Rd1 Ke7 16. O-O Bxg3
17. hxg3 Na6 18. Rfe1 Rad8 19. Ng5 Kf6 20. Nxe6 Rde8 21. Nf4
Nb4 22. f3 a6 23. a4 Nc2 24. Rxe8 Rxe8 25. Kf2 Rb8 26. Nd3 d6
27. Rc1 Nd4 28. Rh1 Kg7 29. Re1 Rb3 30. Nf4 Rb2+ 31. Kg1 Kf7
32. Ne6 Rb4 33. Nxd4 cxd4 34. Rd1 Rxc4 35. a5 Ra4 36. Kf2 Ra2+
37. Kf1 Rxa5 38. Rxd4 Kf6 39. f4 Rc5 40. Kf2 a5 41. Rd3 Rb5
42. Ke3 a4 43. Kd2 Kg6 44. Kc2 Kh5 45. Ra3 Rc5+ 46. Kd3 Rxd5+
47. Kc4 Rc5+ 48. Kb4 Kg4 49. Rd3 Rc2 50. Rxd6 Rxg2 51. Rh6
Kxg3 52. Rxh7 Kxf4 53. Kxa4 Rb2 54. Ka3 Rb8 55. Rf7 Ke4
56. Re7+ Kf3 57. Rf7 f4 58. Ka2 Ke3 59. Re7+ Kf2 60. Rf7 f3
0-1

[Event "10th European Individual Women's Championship"]
[Site "St Petersburg RUS"]
[Date "2009.03.16"]
[EventDate "2009.03.08"]
[Round "8"]
[Result "1/2-1/2"]
[White "Galja Lomakina"]
[Black "Maria Fominykh"]
[WhiteElo "2058"]
[BlackElo "2280"]
[PlyCount "93"]

1. c4 g6 2. g3 Bg7 3. Bg2 e5 4. Nc3 d6 5. Nf3 Ne7 6. O-O h6
7. Rb1 O-O 8. b4 Be6 9. Qb3 f5 10. d3 Nd7 11. Nd2 Rb8 12. a4
f4 13. Ba3 g5 14. Rfc1 Nf6 15. Qd1 fxg3 16. hxg3 Ng4 17. Nf3
Nf5 18. Ne4 Qe8 19. Bb2 c6 20. Qd2 Rd8 21. a5 d5 22. cxd5 cxd5
23. Nexg5 hxg5 24. Qxg5 Nfh6 25. Rc7 Rd7 26. Rbc1 Nf7 27. Qg6
Nd6 28. Qxe8 Nxe8 29. Rxd7 Bxd7 30. Rc5 e4 31. Bxg7 Nxg7
32. dxe4 dxe4 33. Ne5 b6 34. axb6 axb6 35. Nxd7 bxc5 36. Nxf8
Kxf8 37. bxc5 Nf6 38. Bh3 Ke7 39. f4 Ne6 40. c6 Nc7 41. g4
Nfd5 42. f5 Kf6 43. Kf2 Kg5 44. Kg3 Ne7 45. Bg2 Nxc6 46. Bxe4
Ne5 47. Bf3 1/2-1/2

[Event "10th European Individual Women's Championship"]
[Site "St Petersburg RUS"]
[Date "2009.03.18"]
[EventDate "2009.03.08"]
[Round "10"]
[Result "1/2-1/2"]
[White "Ioulia Makka"]
[Black "Maria Fominykh"]
[WhiteElo "2203"]
[BlackElo "2280"]
[PlyCount "80"]

1. e4 e6 2. d4 d5 3. Nd2 dxe4 4. Nxe4 Bd7 5. Nf3 Bc6 6. Bd3
Nd7 7. O-O Ngf6 8. Ned2 Be7 9. Re1 Bxf3 10. Qxf3 c6 11. Nc4
Nb6 12. c3 Qd5 13. Qe2 Nxc4 14. Bxc4 Qd6 15. Qf3 Nd5 16. Bd2
O-O 17. Re5 Bf6 18. Re4 Rad8 19. Rg4 Kh8 20. Bd3 c5 21. Bh6
Rg8 22. Qe4 g6 23. dxc5 Qxc5 24. Rg3 Ne7 25. Be3 Qa5 26. Rh3
Nf5 27. Bc2 Nxe3 28. Qxe3 Bg5 29. Qf3 Rd7 30. Qe4 Rgd8 31. Rd3
Rxd3 32. Bxd3 Bf6 33. g3 Qb6 34. Qe2 h5 35. h4 Kg7 36. Rd1 Rd5
37. Qc2 Qa5 38. a3 Be5 39. Kg2 Qc5 40. Be2 Rxd1 1/2-1/2

[Event "10th European Individual Women's Championship"]
[Site "St Petersburg RUS"]
[Date "2009.03.19"]
[EventDate "2009.03.08"]
[Round "11"]
[Result "1/2-1/2"]
[White "Maria Fominykh"]
[Black "Svetlana Bezgodova"]
[WhiteElo "2280"]
[BlackElo "2214"]
[PlyCount "71"]

1. Nf3 Nf6 2. c4 d6 3. d4 Nbd7 4. Nc3 c6 5. g3 e5 6. Bg2 Be7
7. e4 O-O 8. O-O a6 9. Qc2 b5 10. Rd1 Qc7 11. b3 b4 12. Nb1 c5
13. dxe5 dxe5 14. Bb2 Bb7 15. Nbd2 Rad8 16. Re1 Bd6 17. Nh4
Nb8 18. f4 Rfe8 19. Ndf3 Nc6 20. Nf5 Nd7 21. Rad1 Bf8 22. fxe5
Ndxe5 23. Nxe5 Nxe5 24. Ne3 Nc6 25. Nd5 Qa5 26. Rf1 Bc8
27. Qf2 Be6 28. Bh3 Bxh3 29. Qxf7+ Kh8 30. Nf6 Be6 31. Qh5
gxf6 32. Bxf6+ Bg7 33. Bxg7+ Kxg7 34. Qg5+ Kh8 35. Qf6+ Kg8
36. Qg5+ 1/2-1/2

[Event "European Club Cup (Women)"]
[Site "Plovdiv BUL"]
[Date "2010.10.21"]
[EventDate "?"]
[Round "5"]
[Result "1-0"]
[White "Maria Fominykh"]
[Black "Marina Lian"]
[WhiteElo "2305"]
[BlackElo "1865"]
[PlyCount "85"]

1. d4 Nf6 2. c4 e6 3. g3 c5 4. d5 exd5 5. cxd5 d6 6. Nc3 Be7
7. Bg2 O-O 8. Nf3 Re8 9. O-O Bf8 10. Nd2 a6 11. a4 Nbd7 12. h3
Rb8 13. a5 Ne5 14. f4 Ng6 15. e4 b5 16. axb6 Rxb6 17. Nc4 Rb4
18. b3 Bd7 19. Re1 Qb8 20. Ra3 h6 21. Bd2 Rb7 22. Rxa6 Rxb3
23. e5 dxe5 24. fxe5 Qb4 25. Rb6 Qxc4 26. Qxb3 Qd4+ 27. Be3
Qxe5 28. Bf2 Qh5 29. Rxe8 Bxe8 30. Qd1 Qe5 31. Qe1 Qf5
32. Rxf6 Qxf6 33. Qxe8 Qxc3 34. d6 Kh7 35. d7 Be7 36. Qxe7
Nxe7 37. d8=Q Ng6 38. Qd5 Ne5 39. Bxc5 Qe1+ 40. Kh2 f5 41. Bd4
Ng6 42. Qxf5 Qe8 43. Be4 1-0

[Event "European Club Cup (Women)"]
[Site "Plovdiv BUL"]
[Date "2010.10.22"]
[EventDate "?"]
[Round "6"]
[Result "0-1"]
[White "Nino Khurtsidze"]
[Black "Maria Fominykh"]
[WhiteElo "2435"]
[BlackElo "2305"]
[PlyCount "52"]

1. d4 d6 2. Nf3 g6 3. c4 Bg7 4. Nc3 Nf6 5. e4 O-O 6. Be2 e5
7. O-O Nc6 8. d5 Ne7 9. Ne1 Nd7 10. Be3 f5 11. f3 f4 12. Bf2
g5 13. Rc1 Rf7 14. b4 Nf6 15. c5 Ng6 16. cxd6 cxd6 17. Nb5 g4
18. Qc2 g3 19. Bxa7 Ne8 20. Kh1 b6 21. Bxb6 Qxb6 22. Qc6 Qd8
23. h3 Bd7 24. Qc2 Rc8 25. Qd2 Rxc1 26. Qxc1 Qh4 0-1

[Event "Russian Team Championships (Women)"]
[Site "Olginka RUS"]
[Date "2011.04.22"]
[EventDate "2011.04.16"]
[Round "6"]
[Result "1/2-1/2"]
[White "Maria Fominykh"]
[Black "Ekaterina Kabanova"]
[WhiteElo "2303"]
[BlackElo "2190"]
[PlyCount "123"]

1. d4 d5 2. c4 c6 3. Nf3 Nf6 4. Nc3 a6 5. a4 Bf5 6. Qb3 Ra7
7. a5 e6 8. Qb6 Qxb6 9. axb6 Ra8 10. c5 Nbd7 11. e3 Ne4
12. Nxe4 Bxe4 13. Nd2 Be7 14. f3 Bg6 15. Nb3 O-O 16. Be2 e5
17. Bd2 exd4 18. exd4 Rfe8 19. Kf2 Bf6 20. Rhc1 Nf8 21. Ra4
Ne6 22. g3 Re7 23. Bf1 Rae8 24. h4 h6 25. Bc3 Nd8 26. Na5 Bf5
27. Re1 Bc8 28. Rxe7 Rxe7 29. Bd3 g6 30. Bd2 Kg7 31. Be3 Kh7
32. Ra1 Kg7 33. Rh1 Ne6 34. Nb3 Re8 35. Rd1 Re7 36. Bf1 Nd8
37. Bf4 Ne6 38. Be3 Nd8 39. Bf4 Ne6 40. Be3 Nd8 41. Na5 Bf5
42. Rd2 Bc8 43. b4 Kh7 44. Ra2 Kg7 45. Bd3 Ne6 46. Nb3 Nd8
47. Na5 Ne6 48. Nb3 Re8 49. Bf1 Nd8 50. Na5 Re7 51. Re2 Kh7
52. Rd2 Kg7 53. Bd3 Ne6 54. Bxa6 bxa6 55. Nxc6 Rb7 56. Na7 Rb8
57. Nxc8 Rxc8 58. b7 Rb8 59. c6 g5 60. Ra2 Nc7 61. hxg5 hxg5
62. f4 1/2-1/2

[Event "Russian Team Championships (Women)"]
[Site "Olginka RUS"]
[Date "2011.04.23"]
[EventDate "2011.04.16"]
[Round "7"]
[Result "1/2-1/2"]
[White "Irina Slavina Turova"]
[Black "Maria Fominykh"]
[WhiteElo "2428"]
[BlackElo "2303"]
[PlyCount "65"]

1. d4 d6 2. Nf3 g6 3. g3 Bg7 4. Bg2 Nf6 5. O-O O-O 6. c4 Nbd7
7. Nc3 e5 8. e3 Re8 9. a4 a5 10. b3 exd4 11. exd4 Nb8 12. h3
Nc6 13. Bg5 h6 14. Be3 d5 15. Nb5 Re7 16. g4 Be6 17. Ne5 Nxe5
18. dxe5 Ne4 19. f3 Ng3 20. Re1 dxc4 21. Bf4 Rd7 22. Qc1 c6
23. Nc3 Qb6+ 24. Kh2 cxb3 25. Rb1 Rd3 26. Bxg3 Qb4 27. Ne4 Bd5
28. Nf6+ Bxf6 29. exf6 Kh7 30. Re7 Rf8 31. h4 Bxf3 32. Bf4 Rd1
33. Qe3 1/2-1/2

[Event "Russian Chess Championships Higher League (Women)"]
[Site "Taganrog RUS"]
[Date "2011.06.15"]
[EventDate "2011.05.15"]
[Round "1"]
[Result "0-1"]
[White "Maria Fominykh"]
[Black "Elena Zaiatz"]
[WhiteElo "2291"]
[BlackElo "2430"]
[PlyCount "137"]

1. d4 Nf6 2. c4 e6 3. g3 d5 4. Bg2 dxc4 5. Nf3 Nc6 6. Qa4 Bb4+
7. Bd2 Nd5 8. Bxb4 Nxb4 9. O-O Rb8 10. Na3 O-O 11. Qb5 b6
12. Qxc4 Ba6 13. Nb5 Qd5 14. Qxd5 exd5 15. a4 Na5 16. Ne5 c6
17. Nc7 Bc8 18. e3 f6 19. Nxc6 Naxc6 20. Nxd5 Be6 21. Nc7 Bc4
22. Rfc1 Na5 23. d5 Rf7 24. d6 Rd8 25. Rd1 Bb3 26. Rd2 Nc4
27. Ne6 Rxd6 28. Rxd6 Nxd6 29. Nd4 Bd5 30. Bxd5 Nxd5 31. Rd1
Nb4 32. Ne6 Rd7 33. Rd4 Nc6 34. Rd5 Kf7 35. Nf4 g5 36. Ne2 Ke6
37. Rd1 Ne4 38. Rc1 Nc5 39. Kf1 Rd2 40. b3 Rb2 41. h4 Rxb3
42. hxg5 fxg5 43. a5 Rb2 44. axb6 axb6 45. f4 Kf5 46. Rc4 Kg4
47. fxg5+ Kxg5 48. Rh4 Ne5 49. Rxh7 Ne4 50. Re7 Kf6 51. Re8
Nc4 52. Nf4 Kf7 53. Rb8 Nxe3+ 54. Ke1 Ng5 55. Ne2 Nc4 56. Nd4
Ne6 57. Ne2 Nc5 58. Nf4 b5 59. g4 Kf6 60. Rc8 Ne4 61. Nd3 Rb1+
62. Ke2 Nc3+ 63. Kf2 Rd1 64. Nb4 Rd4 65. Rf8+ Kg7 66. Rf5 Nd6
67. Rg5+ Kf6 68. Nc6 Rf4+ 69. Ke1 0-1